MyGZULibrary

Anthropologists in the field : (Record no. 1123)

MARC details
000 -LEADER
fixed length control field 01320cam a22003494a 4500
001 - CONTROL NUMBER
control field 13619954
003 - CONTROL NUMBER IDENTIFIER
control field GZU
005 - DATE AND TIME OF LATEST TRANSACTION
control field 20210504091542.0
008 - FIXED-LENGTH DATA ELEMENTS--GENERAL INFORMATION
fixed length control field 040609s2004 nyuab b 001 0 eng
010 ## - LIBRARY OF CONGRESS CONTROL NUMBER
LC control number 2004052786
020 ## - INTERNATIONAL STANDARD BOOK NUMBER
International Standard Book Number 023113004X (alk. paper)
020 ## - INTERNATIONAL STANDARD BOOK NUMBER
International Standard Book Number 9780231130059
020 ## - INTERNATIONAL STANDARD BOOK NUMBER
International Standard Book Number 0231130058 (pbk. : alk. paper)
040 ## - CATALOGING SOURCE
Original cataloging agency DLC
Transcribing agency DLC
Modifying agency DLC
042 ## - AUTHENTICATION CODE
Authentication code pcc
050 00 - LIBRARY OF CONGRESS CALL NUMBER
Classification number GN346.4 ANT 2004
Item number .ANT 2004
082 00 - DEWEY DECIMAL CLASSIFICATION NUMBER
Classification number 305.8/0072/3
Edition number 22
245 00 - TITLE STATEMENT
Title Anthropologists in the field :
Remainder of title cases in participant observation /
Statement of responsibility, etc. edited by Lynne Hume and Jane Mulcock.
260 ## - PUBLICATION, DISTRIBUTION, ETC.
Place of publication, distribution, etc. New York :
Name of publisher, distributor, etc. Columbia University Press,
Date of publication, distribution, etc. c2004.
300 ## - PHYSICAL DESCRIPTION
Extent xxvii, 265 p. :
Other physical details ill., map ;
Dimensions 24 cm.
500 ## - GENERAL NOTE
General note Includes bibliographical references (p. [235]-257) and index.
504 ## - BIBLIOGRAPHY, ETC. NOTE
Bibliography, etc. note Includes bibliographical references (p. [235]-257) and index.
650 #0 - SUBJECT ADDED ENTRY--TOPICAL TERM
Topical term or geographic name entry element Participant observation.
650 #0 - SUBJECT ADDED ENTRY--TOPICAL TERM
Topical term or geographic name entry element Ethnology
General subdivision Fieldwork.
650 #0 - SUBJECT ADDED ENTRY--TOPICAL TERM
Topical term or geographic name entry element Ethnology
General subdivision Methodology.
650 #0 - SUBJECT ADDED ENTRY--TOPICAL TERM
Topical term or geographic name entry element Anthropological ethics.
700 1# - ADDED ENTRY--PERSONAL NAME
Personal name Hume, Lynne.
Relator term editor
700 1# - ADDED ENTRY--PERSONAL NAME
Personal name Mulcock, Jane.
Relator term editor
906 ## - LOCAL DATA ELEMENT F, LDF (RLIN)
a 7
b cbc
c orignew
d 1
e ocip
f 20
g y-gencatlg
942 ## - ADDED ENTRY ELEMENTS (KOHA)
Source of classification or shelving scheme Library of Congress Classification
Koha item type Books
Classification part 346.4
Item part HUM
Call number prefix GN
Holdings
Withdrawn status Lost status Source of classification or shelving scheme Damaged status Not for loan Collection code Home library Current library Shelving location Date acquired Total Checkouts Full call number Barcode Date last seen Date last checked out Copy number Price effective from Koha item type
    Library of Congress Classification     Non-fiction City Campus Library City Campus Library General Stacks 11/27/2014 1 GN346.4 ANT 2004 001512 07/05/2022 06/28/2022 c. 1 09/24/2020 Books
          Non-fiction Gender Resource Centre Gender Resource Centre General Stacks 05/04/2021   GN346.4 ANT 2004 001214 05/04/2021   c.2 05/04/2021 Books